[Event "Niedersachsen-ch op B"]
[Site "Verden"]
[Date "2018.01.06"]
[Round "6"]
[White "Lau, Robert1111"]
[Black "Bischoff, Norbert"]
[Result "1/2-1/2"]
[WhiteElo "1509"]
[BlackElo "1534"]
[PlyCount "71"]
[EventDate "2018.01.04"]
[EventType "swiss"]
[EventRounds "7"]
[EventCountry "GER"]
[SourceTitle "EXT 2022"]
[Source "ChessBase"]
[SourceDate "2021.10.06"]
[SourceVersion "1"]
[SourceVersionDate "2021.10.06"]
[SourceQuality "1"]

1. e4 e6 2. Nf3 d5 3. exd5 exd5 4. d4 Bd6 5. Be2 Ne7 6. 0-0 0-0 7. b3 c6 8. Bb2 Qc7 9. Nbd2 Bg4 10. c4 dxc4 11. Bxc4 Bxh2+ 12. Kh1 Bf4 13. Qc2 Bf5 14. Qc3 Nd5 15. Bxd5 cxd5 16. Rac1 Qd6 17. Rfe1 Na6 18. Qa5 Qh6+ 19. Kg1 Bg4 20. Qxd5 Bxf3 21. Nxf3 Bxc1 22. Bxc1 Qc6 23. Qg5 f6 24. Qf4 Nb4 25. Qd2 Nd5 26. Bb2 Rfe8 27. Rc1 Qd6 28. g3 Re7 29. Kg2 Rae8 30. Qa5 Re2 31. Ba3 Qe6 32. Qb5 Ne3+ 33. Kg1 Ng4 34. Ne5 Rxe5 35. dxe5 Nxe5 36. Qxb7 1/2-1/2

[Event "Niedersachsen-ch op-C"]
[Site "Verden"]
[Date "2013.01.03"]
[Round "1"]
[White "Schulze, Lukas"]
[Black "Bischoff, Norbert"]
[Result "0-1"]
[WhiteElo "1038"]
[BlackElo "1648"]
[PlyCount "62"]
[EventDate "2013.01.03"]
[EventType "swiss"]
[EventRounds "7"]
[EventCountry "GER"]
[SourceTitle "EXT 2021"]
[Source "ChessBase"]
[SourceDate "2020.10.23"]
[SourceVersion "1"]
[SourceVersionDate "2020.10.23"]
[SourceQuality "1"]

1. c4 e6 2. d4 d5 3. Nc3 f5 4. Nf3 Nf6 5. Bg5 Be7 6. e3 0-0 7. Bd3 c6 8. 0-0 Ne4 9. Bxe4 fxe4 10. Ne5 Bxg5 11. cxd5 exd5 12. f3 Bxe3+ 13. Kh1 Rf6 14. fxe4 Rxf1+ 15. Qxf1 Qf6 16. exd5 Bxd4 17. Qxf6 gxf6 18. Nf3 Bxc3 19. bxc3 cxd5 20. Re1 Kf7 21. Rf1 Nc6 22. Ng5+ Kg6 23. Nf3 Bd7 24. Nh4+ Kf7 25. Rd1 Be6 26. Rd3 Ne5 27. Rd4 Rc8 28. Rb4 Rc7 29. a4 b6 30. Rb5 Rxc3 31. a5 Rc1# 0-1

[Event "Niedersachsen-ch op-B"]
[Site "Verden"]
[Date "2012.01.04"]
[Round "5"]
[White "Zucker, Stefan"]
[Black "Bischoff, Norbert"]
[Result "1-0"]
[WhiteElo "1960"]
[BlackElo "1687"]
[PlyCount "47"]
[EventDate "2012.01.02"]
[EventType "swiss"]
[EventRounds "7"]
[EventCountry "GER"]
[SourceTitle "EXT 2021"]
[Source "ChessBase"]
[SourceDate "2020.10.23"]
[SourceVersion "1"]
[SourceVersionDate "2020.10.23"]
[SourceQuality "1"]

1. e4 e6 2. d4 d5 3. Be3 Nf6 4. f3 dxe4 5. Nc3 Bb4 6. a3 Bxc3+ 7. bxc3 exf3 8. Nxf3 0-0 9. Bd3 Nbd7 10. 0-0 Re8 11. Bg5 c6 12. Qe1 h6 13. Bh4 Qa5 14. Ne5 Nxe5 15. dxe5 Nd7 16. Qe4 Nf8 17. Qg4 Qc7 18. Bf6 Ng6 19. Bxg6 fxg6 20. Qxg6 Rf8 21. Rf3 Qf7 22. Qg4 h5 23. Qg5 Re8 24. Bxg7 1-0

[Event "Niedersachsen-ch op"]
[Site "Verden"]
[Date "2011.01.03"]
[Round "3"]
[White "Bischoff, Norbert"]
[Black "Merettig, Georg"]
[Result "0-1"]
[WhiteElo "1716"]
[BlackElo "1950"]
[PlyCount "68"]
[EventDate "2011.01.02"]
[EventType "swiss"]
[EventRounds "7"]
[EventCountry "GER"]
[SourceTitle "EXT 2018"]
[Source "ChessBase"]
[SourceDate "2017.10.13"]
[SourceVersion "1"]
[SourceVersionDate "2017.10.13"]
[SourceQuality "1"]

1. d4 Nc6 2. Nf3 b6 3. e3 Bb7 4. c3 d5 5. Bd3 Qd7 6. Nbd2 f5 7. Qe2 Nf6 8. 0-0 0-0-0 9. Bb5 Qd6 10. Ng5 Ng4 11. Ndf3 Qg6 12. Nh3 h6 13. Nf4 Qf7 14. h3 g5 15. Nd3 Nf6 16. Nde5 Nxe5 17. Nxe5 Qe6 18. a4 c6 19. Ba6 Nd7 20. Bxb7+ Kxb7 21. f4 Nf6 22. a5 b5 23. Nd3 Nd7 24. b3 Bg7 25. Qd2 Bf6 26. Rb1 g4 27. hxg4 fxg4 28. g3 h5 29. c4 dxc4 30. bxc4 Qxc4 31. Ba3 Qd5 32. a6+ Ka8 33. Bc5 Nxc5 34. dxc5 Qxd3 0-1

[Event "Niedersachsen-ch op"]
[Site "Verden"]
[Date "2009.01.04"]
[Round "3"]
[White "Bischoff, Norbert"]
[Black "Modder, Frank"]
[Result "0-1"]
[WhiteElo "1383"]
[BlackElo "1900"]
[PlyCount "84"]
[EventDate "2009.01.03"]
[EventType "swiss"]
[EventRounds "7"]
[EventCountry "GER"]
[SourceTitle "EXT 2012"]
[Source "ChessBase"]
[SourceDate "2011.11.24"]
[SourceVersion "1"]
[SourceVersionDate "2011.11.24"]
[SourceQuality "1"]

1. d4 e6 2. c4 Nf6 3. Nc3 d5 4. Bg5 Nbd7 5. e3 c6 6. Nf3 Qa5 7. Nd2 Bb4 8. Qc2 dxc4 9. Bxf6 Nxf6 10. Nxc4 Qg5 11. 0-0-0 Nd5 12. Ne4 Qd8 13. Bd3 h6 14. a3 Be7 15. Ne5 0-0 16. g3 Bd7 17. Nxd7 Qxd7 18. Nc5 Qc7 19. e4 Nf6 20. e5 Nd5 21. Ne4 a5 22. h4 b5 23. Kb1 a4 24. g4 b4 25. Rc1 Rfc8 26. Nd6 Bxd6 27. exd6 Qxd6 28. Qc5 Qb8 29. axb4 Nxb4 30. Be2 Nd5 31. Bc4 a3 32. b3 Qf4 33. Bxd5 cxd5 34. Qxc8+ Rxc8 35. Rxc8+ Kh7 36. Rhc1 Qxf2 37. R8c2 Qxd4 38. Ka2 Qb4 39. g5 hxg5 40. hxg5 Kg6 41. Ka1 Qxb3 42. Rc7 Qb2# 0-1

[Event "Niedersachsen-ch op"]
[Site "Verden"]
[Date "2009.01.04"]
[Round "4"]
[White "Boehning, Kilian"]
[Black "Bischoff, Norbert"]
[Result "0-1"]
[WhiteElo "1048"]
[BlackElo "1383"]
[PlyCount "106"]
[EventDate "2009.01.03"]
[EventType "swiss"]
[EventRounds "7"]
[EventCountry "GER"]
[SourceTitle "EXT 2012"]
[Source "ChessBase"]
[SourceDate "2011.11.24"]
[SourceVersion "1"]
[SourceVersionDate "2011.11.24"]
[SourceQuality "1"]

1. d4 d5 2. Nc3 e6 3. Bf4 c6 4. Nf3 Nf6 5. e3 Bb4 6. Nd2 0-0 7. Bd3 b6 8. Qf3 Bb7 9. Qg3 Re8 10. Be2 Nbd7 11. Bh6 g6 12. h4 Nf8 13. h5 Bd6 14. f4 Kh8 15. Bg5 Be7 16. h6 N8d7 17. Nf1 c5 18. 0-0-0 Rc8 19. Nd2 cxd4 20. exd4 Bb4 21. Ndb1 a6 22. Bf3 b5 23. Rdf1 Be7 24. Rf2 Nb6 25. Be2 b4 26. Bxf6+ Bxf6 27. Nd1 Bxd4 28. Rff1 Qc7 29. c3 bxc3 30. bxc3 Na4 31. Rh3 Qa5 32. Kd2 Nc5 33. Ke1 Ne4 34. Qd3 Bf6 35. Qc2 Bc6 36. Qb3 Ba4 37. Qb4 Qxb4 38. cxb4 Rc1 39. Nd2 Bc3 40. Bg4 Bxd2+ 41. Ke2 Bb5+ 42. Kf3 Bxf1 43. g3 Bxh3 44. Bxh3 Rxd1 45. Ke2 Re1+ 46. Kd3 Rc8 47. Bg2 f6 48. Bxe4 dxe4+ 49. Kd4 Rc3 50. f5 Rd3+ 51. Kc5 Be3+ 52. Kc6 Rc1+ 53. Kb7 Rd6 0-1